Pierwiastki-metale - Statystyki

Ogólne statystyki
  • Ten quiz został rozwiązany 31 razy
  • Średni wynik to 54 z 94
Statystyki odpowiedzi
# Nazwa % Poprawnych
50 Cyna
83%
3 Lit
83%
26 Żelazo
83%
30 Cynk
79%
29 Miedź
79%
82 Ołów
79%
47 Srebro
79%
4 Beryl
75%
12 Magnez
75%
78 Platyna
75%
19 Potas
75%
13 Glin
71%
88 Rad
71%
80 Rtęć
71%
22 Tytan
71%
79 Złoto
71%
95 Ameryk
67%
56 Bar
67%
55 Cez
67%
24 Chrom
67%
31 Gal
67%
25 Mangan
67%
37 Rubid
67%
11 Sód
67%
92 Uran
67%
74 Wolfram
67%
48 Kadm
63%
27 Kobalt
63%
28 Nikiel
63%
46 Pallad
63%
84 Polon
63%
21 Skand
63%
23 Wanad
63%
20 Wapń
63%
89 Aktyn
58%
83 Bizmut
58%
40 Cyrkon
58%
57 Lantan
58%
71 Lutet
58%
102 Nobel
58%
76 Osm
58%
94 Pluton
58%
38 Stront
58%
81 Tal
58%
97 Berkel
54%
68 Erb
54%
63 Europ
54%
87 Frans
54%
108 Has
54%
77 Iryd
54%
70 Iterb
54%
39 Itr
54%
98 Kaliforn
54%
96 Kiur
54%
112 Kopernik
54%
101 Mendelew
54%
42 Molibden
54%
93 Neptun
54%
41 Niob
54%
62 Samar
54%
73 Tantal
54%
58 Cer
50%
110 Darmsztad
50%
105 Dubn
50%
99 Einstein
50%
100 Ferm
50%
64 Gadolin
50%
116 Liwermor
50%
103 Lorens
50%
115 Moskow
50%
60 Neodym
50%
113 Nihon
50%
118 Oganesson
50%
59 Prazeodym
50%
91 Protaktyn
50%
75 Ren
50%
45 Rod
50%
44 Ruten
50%
106 Seaborg
50%
43 Technet
50%
107 Bohr
46%
66 Dysproz
46%
114 Flerow
46%
72 Hafn
46%
67 Holm
46%
49 Ind
46%
111 Roentgen
46%
117 Tenes
46%
90 Tor
46%
61 Promet
42%
109 Meitner
38%
65 Terb
38%
69 Tul
38%
104 Ruterford
29%
Nie znaleziono quizów pasujących do podanych kryteriów
Rozkład punktacji
Procent ludzi z każdym wynikiem
Percentyl według liczby udzielonych odpowiedzi
Twoja historia wyników
Nie rozwiązałeś tego quizu